[Event "Pula op 33rd"]
[Site "Pula"]
[Date "2019.06.23"]
[Round "2"]
[White "Zelcic, Robert"]
[Black "Braggaar, Leonore"]
[Result "1-0"]
[WhiteElo "2518"]
[BlackElo "2103"]
[PlyCount "75"]
[EventDate "2019.06.22"]
[EventType "swiss"]
[EventRounds "9"]
[EventCountry "CRO"]
[SourceTitle "CBM 191 Extra"]
[Source "ChessBase"]
[SourceDate "2019.09.30"]
[SourceVersion "1"]
[SourceVersionDate "2019.09.30"]
[SourceQuality "1"]

1. d4 d5 2. Nc3 Nf6 3. Bg5 Nbd7 4. Nf3 c6 5. Qd3 g6 6. h4 Bg7 7. h5 Nxh5 8. g4 Nhf6 9. Bh3 Nf8 10. Ne5 Ne6 11. Be3 Nd7 12. f4 Nxe5 13. fxe5 f6 14. exf6 exf6 15. Bg2 Nf8 16. Bf3 Be6 17. Bf4 g5 18. Bh2 Ng6 19. Bg3 0-0 20. 0-0-0 f5 21. gxf5 Bxf5 22. e4 dxe4 23. Nxe4 g4 24. Bg2 Qd7 25. Qb3+ Be6 26. Nc5 Bxb3 27. Nxd7 Rf7 28. axb3 Rxd7 29. c3 Bf6 30. Be4 Rg7 31. Rdf1 Bg5+ 32. Kb1 Ne7 33. Be5 Rf7 34. Rfg1 Ng6 35. Bxg6 hxg6 36. Rxg4 Bf6 37. Rxg6+ Bg7 38. Rhg1 1-0

[Event "Leiden (Women) 10th"]
[Site "Leiden"]
[Date "2016.07.23"]
[Round "5"]
[White "Ratsma, Rosa"]
[Black "Braggaar, Leonore"]
[Result "1-0"]
[WhiteElo "2027"]
[BlackElo "2088"]
[PlyCount "67"]
[EventDate "2016.07.15"]
[EventType "tourn"]
[EventRounds "6"]
[EventCountry "NED"]
[SourceTitle "CBM 173 Extra"]
[Source "ChessBase"]
[SourceDate "2016.08.29"]
[SourceVersion "1"]
[SourceVersionDate "2016.08.29"]
[SourceQuality "1"]

1. e4 e5 2. Nf3 Nc6 3. Bc4 Nf6 4. d3 Bc5 5. 0-0 d6 6. c3 Bb6 7. h3 0-0 8. Re1 a6 9. Bb3 Ne7 10. Nbd2 Ng6 11. Nf1 Nh5 12. d4 Nhf4 13. Ng3 h6 14. Bc2 Qf6 15. Nf5 c5 16. Be3 cxd4 17. cxd4 Ba5 18. Rf1 Rd8 19. g3 Nxh3+ 20. Kg2 Ne7 21. Rh1 g6 22. Nxe7+ Qxe7 23. Rxh3 Bxh3+ 24. Kxh3 Kg7 25. Kg2 h5 26. Nh4 Rac8 27. Bb3 Qd7 28. Qf3 Rf8 29. Rd1 Qg4 30. dxe5 dxe5 31. Rd5 Bc7 32. Bc5 Rfd8 33. Qd3 Qg5 34. Rd7 1-0

[Event "Leiden Noteboom Memorial 74th"]
[Site "Leiden"]
[Date "2014.03.01"]
[Round "2"]
[White "Braggaar, Leonore"]
[Black "Pijpers, Arthur"]
[Result "0-1"]
[WhiteElo "2059"]
[BlackElo "2348"]
[PlyCount "84"]
[EventDate "2014.02.28"]
[EventType "swiss"]
[EventRounds "6"]
[EventCountry "NED"]
[SourceTitle "CBM 159 Extra"]
[Source "ChessBase"]
[SourceDate "2014.04.24"]
[SourceVersion "1"]
[SourceVersionDate "2014.04.24"]
[SourceQuality "1"]

1. e4 c5 2. Nf3 d6 3. d4 Nf6 4. Nc3 cxd4 5. Nxd4 g6 6. Be3 Bg7 7. f3 Nc6 8. Qd2 0-0 9. Bc4 Bd7 10. 0-0-0 Rc8 11. Bb3 Ne5 12. Kb1 a6 13. Bh6 Bxh6 14. Qxh6 Rxc3 15. bxc3 a5 16. Ka1 a4 17. Rhe1 Qa5 18. Qd2 axb3 19. cxb3 Ra8 20. Re3 Nc6 21. Ne2 Be6 22. Qb2 Qg5 23. f4 Qxg2 24. Nd4 Qxb2+ 25. Kxb2 Nxd4 26. Rxd4 Rc8 27. c4 Rc5 28. a4 Rh5 29. Re2 Rh4 30. e5 Ne8 31. Kc3 Rh3+ 32. Kb4 Nc7 33. exd6 exd6 34. Rb2 d5 35. c5 Bd7 36. Rc2 Bc6 37. Rdd2 Kg7 38. Ka3 Kf6 39. Kb2 Ne6 40. Rf2 Kf5 41. Rce2 Nxc5 42. Re5+ Kf6 0-1

[Event "Leiden LCT op-A 7th"]
[Site "Leiden"]
[Date "2013.07.18"]
[Round "6"]
[White "Braggaar, Leonore"]
[Black "Van der Togt, Twan"]
[Result "0-1"]
[WhiteElo "2080"]
[BlackElo "1880"]
[PlyCount "126"]
[EventDate "2013.07.12"]
[EventType "swiss"]
[EventRounds "9"]
[EventCountry "NED"]
[SourceTitle "CBM 155 Extra"]
[Source "ChessBase"]
[SourceDate "2013.08.26"]
[SourceVersion "1"]
[SourceVersionDate "2013.08.26"]
[SourceQuality "1"]

1. e4 c5 2. Nf3 d6 3. d4 cxd4 4. Nxd4 Nf6 5. Nc3 g6 6. Be3 Bg7 7. f3 0-0 8. Bc4 Nc6 9. Qd2 Bd7 10. 0-0-0 Rb8 11. Bb3 Na5 12. g4 b5 13. Kb1 Nc4 14. Bxc4 bxc4 15. Ka1 a5 16. Nde2 a4 17. a3 Re8 18. h4 Bc6 19. h5 Qa5 20. hxg6 fxg6 21. Nd4 Bd7 22. g5 Nh5 23. f4 e5 24. Nf3 Nxf4 25. Nd5 Qxd2 26. Nxd2 Nxd5 27. exd5 c3 28. bxc3 e4 29. Bd4 Rbc8 30. Nb1 Bg4 31. Rdg1 Bf3 32. Bxg7 Bxh1 33. Bd4 Bf3 34. Nd2 Bh5 35. Nf1 Bf3 36. Nd2 Rf8 37. Re1 Rf5 38. Nxe4 Bxe4 39. Rxe4 Rxg5 40. Re7 Rxd5 41. Rg7+ Kf8 42. Rxh7 Rh5 43. Rd7 d5 44. Kb2 Rb8+ 45. Kc1 Rb5 46. Rg7 g5 47. Kd2 Rb8 48. Kd3 Re8 49. c4 Rh3+ 50. Kd2 dxc4 51. Rxg5 c3+ 52. Kd1 Rh1+ 53. Rg1 Rxg1+ 54. Bxg1 Re4 55. Bc5+ Kf7 56. Bb6 Ke6 57. Ba5 Re3 58. Bb6 Rh3 59. Ke2 Kd5 60. Be3 Kc4 61. Bf2 Rh1 62. Be1 Rh7 63. Bf2 Rb7 0-1

[Event "Leiden LCT op-A 7th"]
[Site "Leiden"]
[Date "2013.07.12"]
[Round "1"]
[White "Nikolic, Predrag"]
[Black "Braggaar, Leonore"]
[Result "1-0"]
[WhiteElo "2622"]
[BlackElo "2080"]
[PlyCount "75"]
[EventDate "2013.07.12"]
[EventType "swiss"]
[EventRounds "9"]
[EventCountry "NED"]
[SourceTitle "CBM 155 Extra"]
[Source "ChessBase"]
[SourceDate "2013.08.26"]
[SourceVersion "1"]
[SourceVersionDate "2013.08.26"]
[SourceQuality "1"]

1. Nf3 Nf6 2. g3 d5 3. Bg2 c6 4. 0-0 Bg4 5. d3 e6 6. c4 Be7 7. Qb3 Qb6 8. Nbd2 Nbd7 9. cxd5 exd5 10. h3 Bxf3 11. Qxb6 Nxb6 12. Bxf3 Nfd7 13. Bg2 0-0 14. Rb1 f5 15. Nb3 Bd6 16. Na5 Rab8 17. b4 Rfe8 18. Re1 Na4 19. Bd2 Nf6 20. Kf1 Re7 21. Rec1 Rbe8 22. Bf3 h6 23. Nb3 Kh7 24. e3 a6 25. Rc2 Bb8 26. Bd1 h5 27. Nd4 Kg6 28. Nxc6 bxc6 29. Rxc6 h4 30. gxh4 Rh8 31. h5+ Kf7 32. Rxa6 Nxh5 33. Bxa4 f4 34. Bb3 Nf6 35. Kg2 fxe3 36. Bxe3 Rh4 37. b5 Re5 38. Ra4 1-0

[Event "EU-ch U18 Girls 19th"]
[Site "Fermo"]
[Date "2009.09.03"]
[Round "4"]
[White "Ni, Viktorija"]
[Black "Braggaar, Leonore"]
[Result "1-0"]
[WhiteElo "2151"]
[BlackElo "2043"]
[PlyCount "65"]
[EventDate "2009.08.31"]
[EventType "swiss"]
[EventRounds "9"]
[EventCountry "ITA"]
[SourceTitle "CBM 132 Extra"]
[Source "ChessBase"]
[SourceDate "2009.11.03"]
[SourceVersion "1"]
[SourceVersionDate "2009.11.03"]
[SourceQuality "1"]

1. d4 d5 2. c4 c6 3. Nc3 e6 4. cxd5 exd5 5. Qc2 Bd6 6. Nf3 Nf6 7. Bg5 0-0 8. e3 Re8 9. Bd3 Nbd7 10. Bxh7+ Kh8 11. Bf5 Qa5 12. 0-0 Rg8 13. a3 g6 14. Bh3 Kg7 15. b4 Qb6 16. e4 Bb8 17. e5 Nh7 18. Qd2 Qc7 19. Rac1 Nxg5 20. Nxg5 Nb6 21. Bxc8 Rxc8 22. f4 Nc4 23. Qf2 Qe7 24. Qg3 f5 25. exf6+ Qxf6 26. Qh3 Rh8 27. Qd7+ Kg8 28. Qc8+ Qf8 29. Qe6+ Kg7 30. Qd7+ Kg8 31. Rce1 Nb6 32. Qxb7 Bd6 33. Re6 1-0

[Event "Leiden LCT op 3rd"]
[Site "Leiden"]
[Date "2009.07.11"]
[Round "2"]
[White "Van Putten, Henk"]
[Black "Braggaar, Leonore"]
[Result "1/2-1/2"]
[WhiteElo "2250"]
[BlackElo "2043"]
[PlyCount "58"]
[EventDate "2009.07.10"]
[EventType "swiss"]
[EventRounds "9"]
[EventCountry "NED"]
[SourceTitle "CBM 131 Extra"]
[Source "ChessBase"]
[SourceDate "2009.09.03"]
[SourceVersion "2"]
[SourceVersionDate "2009.09.16"]
[SourceQuality "1"]

1. e4 e5 2. Nf3 Nc6 3. Bb5 a6 4. Bxc6 dxc6 5. 0-0 Bg4 6. h3 h5 7. d3 Qf6 8. Nbd2 Ne7 9. Re1 Ng6 10. hxg4 hxg4 11. Nh2 Bc5 12. Ndf3 Rxh2 13. Kxh2 Bxf2 14. Bg5 Qe6 15. g3 gxf3 16. Rf1 Bb6 17. Qxf3 f6 18. Be3 Kf7 19. Bxb6 Rh8+ 20. Kg1 cxb6 21. Qf5 Qd6 22. Qf2 b5 23. Kg2 Rh5 24. Qe3 Qd7 25. Rh1 Rg5 26. Kf2 Qg4 27. Qf3 Qd7 28. Qe3 Qg4 29. Qf3 Qd7 1/2-1/2

[Event "NED-ch U21 Girls"]
[Site "Venlo"]
[Date "2009.04.29"]
[Round "6"]
[White "Braggaar, Leonore"]
[Black "Dirksen, Marieke"]
[Result "1-0"]
[WhiteElo "2030"]
[BlackElo "1919"]
[PlyCount "95"]
[EventDate "2009.04.24"]
[EventType "tourn"]
[EventRounds "9"]
[EventCountry "NED"]
[SourceTitle "CBM 130 Extra"]
[Source "ChessBase"]
[SourceDate "2009.07.02"]
[SourceVersion "2"]
[SourceVersionDate "2009.07.15"]
[SourceQuality "1"]

1. e4 c5 2. Nf3 d6 3. d4 cxd4 4. Nxd4 Nf6 5. Nc3 a6 6. Be2 e5 7. Nb3 Be7 8. 0-0 0-0 9. Be3 Be6 10. Qd2 Qc7 11. a4 Nbd7 12. Bf3 Nb6 13. Bxb6 Qxb6 14. a5 Qc7 15. Rfd1 Rac8 16. Nc1 Rfd8 17. N1e2 Bc4 18. Ng3 g6 19. Qe1 Be6 20. Nf1 Nd7 21. Ne3 Bg5 22. Ned5 Bxd5 23. Nxd5 Qxc2 24. g3 Kg7 25. h4 Bf6 26. Bg4 Rc4 27. Rac1 Qxe4 28. Rxc4 Qxc4 29. Bxd7 Rxd7 30. Nb6 Qc6 31. Nxd7 Qxd7 32. Qe4 Qc7 33. Qd5 Be7 34. Qd2 Qc5 35. Rc1 Qb5 36. Qc3 Bf6 37. Qd2 d5 38. Kg2 e4 39. b4 d4 40. Rc5 Qa4 41. h5 Qb3 42. h6+ Kf8 43. Qf4 Qf3+ 44. Qxf3 exf3+ 45. Kxf3 d3 46. Rc7 Bg5 47. Rxb7 Bxh6 48. b5 1-0

[Event "EU-ch U18 Girls 18th"]
[Site "Herceg Novi"]
[Date "2008.09.22"]
[Round "7"]
[White "Braggaar, Leonore"]
[Black "Dudas, Eszter"]
[Result "1-0"]
[WhiteElo "1967"]
[BlackElo "2108"]
[PlyCount "59"]
[EventDate "2008.09.15"]
[EventType "swiss"]
[EventRounds "9"]
[EventCountry "MNE"]
[SourceTitle "CBM 126 Extra"]
[Source "ChessBase"]
[SourceDate "2008.11.05"]
[SourceVersion "1"]
[SourceVersionDate "2008.11.05"]
[SourceQuality "1"]

1. e4 c5 2. Nf3 Nc6 3. d4 cxd4 4. Nxd4 Qb6 5. Nb3 Nf6 6. Nc3 e6 7. Be3 Qc7 8. Bd3 a6 9. 0-0 Be7 10. f4 d6 11. Qf3 Nd7 12. Rae1 Bf6 13. g4 h6 14. Qh3 b6 15. g5 Bxc3 16. bxc3 Rg8 17. g6 Nc5 18. gxf7+ Qxf7 19. Nxc5 dxc5 20. e5 Bb7 21. f5 Nxe5 22. fxe6 Nf3+ 23. Kf2 Qf6 24. Ke2 Rf8 25. Rb1 b5 26. Rbd1 Bd5 27. Qh5+ g6 28. Bxg6+ Ke7 29. Bxc5+ Kd8 30. Qxd5+ 1-0

[Event "EU-ch U18 Girls 18th"]
[Site "Herceg Novi"]
[Date "2008.09.21"]
[Round "6"]
[White "Asgarova, Turan Nizami Qizi"]
[Black "Braggaar, Leonore"]
[Result "0-1"]
[WhiteElo "2008"]
[BlackElo "1967"]
[PlyCount "58"]
[EventDate "2008.09.15"]
[EventType "swiss"]
[EventRounds "9"]
[EventCountry "MNE"]
[SourceTitle "CBM 126 Extra"]
[Source "ChessBase"]
[SourceDate "2008.11.05"]
[SourceVersion "1"]
[SourceVersionDate "2008.11.05"]
[SourceQuality "1"]

1. e4 e5 2. Nf3 Nc6 3. d4 exd4 4. c3 dxc3 5. Nxc3 d6 6. Bc4 Nf6 7. Qb3 Qd7 8. Ng5 Ne5 9. Bb5 c6 10. f4 cxb5 11. fxe5 dxe5 12. Be3 Bd6 13. Rd1 0-0 14. Nxb5 Ne8 15. 0-0 h6 16. Nxd6 Nxd6 17. Nxf7 Rxf7 18. Rxd6 Qxd6 19. Qxf7+ Kh7 20. h4 Be6 21. Qf2 Qb4 22. Qf3 Qxb2 23. h5 Qb4 24. Rc1 Rf8 25. Qg3 Qxe4 26. Rc5 Qb1+ 27. Kh2 Rf1 28. Qxe5 Qe1 29. Bf2 Qxf2 0-1

[Event "EU-ch U18 Girls 18th"]
[Site "Herceg Novi"]
[Date "2008.09.15"]
[Round "1"]
[White "Danelia, Mariam"]
[Black "Braggaar, Leonore"]
[Result "1/2-1/2"]
[WhiteElo "2185"]
[BlackElo "1967"]
[PlyCount "102"]
[EventDate "2008.09.15"]
[EventType "swiss"]
[EventRounds "9"]
[EventCountry "MNE"]
[SourceTitle "CBM 126 Extra"]
[Source "ChessBase"]
[SourceDate "2008.11.05"]
[SourceVersion "1"]
[SourceVersionDate "2008.11.05"]
[SourceQuality "1"]

1. d4 Nf6 2. c4 c5 3. d5 b5 4. cxb5 a6 5. bxa6 g6 6. Nc3 Bxa6 7. g3 d6 8. Bg2 Bg7 9. Nf3 0-0 10. 0-0 Nbd7 11. Rb1 Ng4 12. h3 Nge5 13. Nxe5 Nxe5 14. Qc2 Qa5 15. b3 Rfb8 16. Bd2 Bc8 17. a4 Qa7 18. Kh2 Rb6 19. f4 Nd7 20. Nb5 Qb8 21. Rfe1 Ba6 22. Na3 Rb7 23. e4 Qc7 24. Rec1 Rab8 25. Nc4 Bxc4 26. Qxc4 Nb6 27. Qc2 Qd7 28. a5 Nc8 29. Re1 Na7 30. e5 Nb5 31. Qe4 Qc7 32. Rbc1 Nd4 33. a6 Ra7 34. Bc3 Nxb3 35. Rb1 Rxa6 36. Rb2 c4 37. Bf1 Ra4 38. Reb1 Rba8 39. Rc2 Nc5 40. Qe3 Qd7 41. e6 Qe8 42. Bxg7 Kxg7 43. Bxc4 Ra3 44. Qd4+ f6 45. Rcb2 Qa4 46. Rd1 Rc8 47. Bb5 Qa5 48. Qb4 Qa7 49. Qd4 Qa5 50. Qb4 Qa7 51. Qd4 Qa5 1/2-1/2

[Event "Leiden LCT op 2nd"]
[Site "Leiden"]
[Date "2008.07.13"]
[Round "3"]
[White "Braggaar, Leonore"]
[Black "Dessing, Bastiaan"]
[Result "1-0"]
[WhiteElo "1967"]
[BlackElo "2031"]
[PlyCount "73"]
[EventDate "2008.07.11"]
[EventType "swiss"]
[EventRounds "9"]
[EventCountry "NED"]
[SourceTitle "CBM 125 Extra"]
[Source "ChessBase"]
[SourceDate "2008.09.01"]
[SourceVersion "1"]
[SourceVersionDate "2008.09.01"]
[SourceQuality "1"]

1. e4 d6 2. d4 Nf6 3. Nc3 g6 4. Be3 c6 5. h3 Nbd7 6. f4 b5 7. a3 a6 8. Nf3 Nb6 9. Bd3 Bg7 10. 0-0 e6 11. Qe1 d5 12. e5 Nfd7 13. Bf2 Bf8 14. Ne2 Be7 15. c3 c5 16. g4 h5 17. f5 hxg4 18. fxe6 gxf3 19. exf7+ Kxf7 20. Nf4 Nf8 21. e6+ Kg8 22. Nxg6 Nxg6 23. Bxg6 Bd6 24. h4 Qf6 25. Bf7+ Kf8 26. Bg3 Qg7 27. Rxf3 Ke7 28. h5 Qg4 29. Qf2 Rf8 30. dxc5 Bxg3 31. Rxg3 Qe4 32. Rg7 Qe5 33. Qh4+ Qf6 34. Bg8+ Ke8 35. Bf7+ Ke7 36. Bg6+ Kxe6 37. Re1+ 1-0

[Event "NED-ch U21 Girls"]
[Site "Venlo"]
[Date "2008.05.02"]
[Round "8"]
[White "Hortensius, Lisa"]
[Black "Braggaar, Leonore"]
[Result "1/2-1/2"]
[WhiteElo "1967"]
[BlackElo "1959"]
[PlyCount "85"]
[EventDate "2008.04.25"]
[EventType "tourn"]
[EventRounds "9"]
[EventCountry "NED"]
[SourceTitle "CBM 123 Extra"]
[Source "ChessBase"]
[SourceDate "2008.05.06"]
[SourceVersion "1"]
[SourceVersionDate "2008.05.06"]
[SourceQuality "1"]

1. e4 e5 2. Nf3 Nc6 3. Bb5 a6 4. Ba4 Nf6 5. 0-0 b5 6. Bb3 Be7 7. Re1 0-0 8. c3 d6 9. h3 Na5 10. Bc2 c5 11. d4 Qc7 12. Nbd2 cxd4 13. cxd4 Nc6 14. Nb3 a5 15. Be3 Bd7 16. Rc1 Qb7 17. Bb1 a4 18. Nbd2 Rac8 19. Nf1 Rc7 20. Re2 Rfc8 21. Rec2 Be8 22. Ng3 g6 23. Qd2 Nd7 24. a3 Bf6 25. dxe5 dxe5 26. Ba2 Ne7 27. Nh2 h5 28. Rxc7 Rxc7 29. Rxc7 Qxc7 30. Ne2 Qc6 31. Nc3 Nf8 32. Nd5 Nxd5 33. Bxd5 Qd7 34. Nf3 Ne6 35. Qc3 Nc7 36. Ba2 Qd6 37. Nd2 Ne6 38. g3 Kg7 39. Bd5 Nc7 40. Ba2 Ne6 41. Bd5 Nc7 42. Ba2 Ne6 43. Bd5 1/2-1/2

[Event "NED-ch U21 Girls"]
[Site "Venlo"]
[Date "2008.04.29"]
[Round "5"]
[White "Tempelman, Kristianne"]
[Black "Braggaar, Leonore"]
[Result "1-0"]
[WhiteElo "1944"]
[BlackElo "1959"]
[PlyCount "91"]
[EventDate "2008.04.25"]
[EventType "tourn"]
[EventRounds "9"]
[EventCountry "NED"]
[SourceTitle "CBM 123 Extra"]
[Source "ChessBase"]
[SourceDate "2008.05.06"]
[SourceVersion "1"]
[SourceVersionDate "2008.05.06"]
[SourceQuality "1"]

1. d4 Nf6 2. c4 c5 3. d5 b5 4. cxb5 a6 5. bxa6 g6 6. Nc3 Bxa6 7. Nf3 d6 8. e4 Bxf1 9. Kxf1 Bg7 10. g3 Nbd7 11. Kg2 0-0 12. Rb1 Qa5 13. Qe2 Rfb8 14. Bd2 Ne8 15. Rhc1 Nc7 16. a4 Qa6 17. b3 Bxc3 18. Qxa6 Nxa6 19. Bxc3 Nb4 20. Rd1 Ra7 21. Nd2 Rab7 22. f4 Na2 23. Ba1 Nb6 24. a5 Nc8 25. e5 Nb4 26. Nc4 Rd7 27. Bc3 Na6 28. Rd3 Nc7 29. Bb2 Nb5 30. Re1 Rdb7 31. Ree3 Kf8 32. g4 Ra8 33. e6 Nc7 34. f5 fxe6 35. dxe6 Ne8 36. Rh3 Nf6 37. fxg6 hxg6 38. Rdf3 Kg8 39. Rh6 d5 40. Rxg6+ Kf8 41. Bxf6 exf6 42. Rfxf6+ Ke8 43. Rg8+ Ke7 44. Rf7+ Kxe6 45. Rxb7 dxc4 46. bxc4 1-0

[Event "Groningen Harmonie op-C"]
[Site "Groningen"]
[Date "2007.12.23"]
[Round "3"]
[White "Overeem, Marc"]
[Black "Braggaar, Leonore"]
[Result "1-0"]
[WhiteElo "2261"]
[BlackElo "1992"]
[PlyCount "103"]
[EventDate "2007.12.21"]
[EventType "swiss"]
[EventRounds "5"]
[EventCountry "NED"]
[SourceTitle "CBM 121 Extra"]
[Source "ChessBase"]
[SourceDate "2008.01.10"]
[SourceVersion "1"]
[SourceVersionDate "2008.01.10"]
[SourceQuality "1"]

1. d4 Nf6 2. Nf3 d5 3. c4 c6 4. e3 e6 5. Nc3 Bd6 6. Qc2 Nbd7 7. b3 0-0 8. Be2 Qe7 9. 0-0 e5 10. dxe5 Nxe5 11. cxd5 Nxd5 12. Nxd5 cxd5 13. Bb2 Nxf3+ 14. Bxf3 Be6 15. Rfd1 Rfd8 16. g3 Rac8 17. Qe2 Bb8 18. Rd2 Rd7 19. Rad1 Rcd8 20. Bg4 f5 21. Bf3 Qf7 22. Bh5 Qe7 23. Rd3 Qg5 24. Bf3 Qe7 25. R1d2 Bc7 26. a3 Qf7 27. Qd1 Bb8 28. b4 Bc7 29. Bd4 Bb8 30. Bc5 h6 31. Bh5 Qf6 32. Bd4 Qe7 33. h4 Kh7 34. Bf3 Qf7 35. Qa1 Rc8 36. Be5 Bd6 37. Bxd6 Rxd6 38. Qe5 Rcd8 39. Rc3 Qd7 40. Rdc2 Rc6 41. Be2 Qd6 42. Qd4 Rxc3 43. Rxc3 b6 44. Bf3 Rd7 45. b5 Bf7 46. a4 Qe7 47. Rc6 Rd8 48. Qf4 g6 49. h5 Rd7 50. hxg6+ Bxg6 51. Bh5 Bxh5 52. Rxh6+ 1-0

[Event "Wch U16 Girls"]
[Site "Kemer"]
[Date "2007.11.27"]
[Round "10"]
[White "Goossens, Hanne"]
[Black "Braggaar, Leonore"]
[Result "1/2-1/2"]
[WhiteElo "1837"]
[BlackElo "1992"]
[PlyCount "107"]
[EventDate "2007.11.18"]
[EventType "swiss"]
[EventRounds "11"]
[EventCountry "TUR"]
[SourceTitle "CBM 121 Extra"]
[Source "ChessBase"]
[SourceDate "2008.01.10"]
[SourceVersion "1"]
[SourceVersionDate "2008.01.10"]
[SourceQuality "1"]

1. e4 e5 2. Nf3 Nc6 3. d4 exd4 4. Nxd4 Bc5 5. Be3 Qf6 6. c3 Nge7 7. Bc4 Ne5 8. Be2 Qg6 9. 0-0 d6 10. Kh1 Ng4 11. Bxg4 Bxg4 12. f3 Bd7 13. Nd2 0-0 14. Qb3 Bb6 15. Nc4 Kh8 16. Nxb6 axb6 17. Rfe1 Rae8 18. Re2 f5 19. exf5 Nxf5 20. Nxf5 Qxf5 21. Ree1 Re6 22. Qd1 Bc6 23. Bf2 Rg6 24. Bg3 h5 25. Re3 Qg5 26. Qd4 Bb5 27. Rae1 Kg8 28. Re7 Bc6 29. R7e3 Rf5 30. Qh4 Qxh4 31. Bxh4 Bd5 32. a3 Bc6 33. Bd8 Rf7 34. Bh4 Rf5 35. Bd8 Rf7 36. Rf1 d5 37. Bh4 Rd6 38. Bg3 Rdd7 39. Be5 Bb5 40. Rfe1 Rd8 41. Bg3 Rfd7 42. Re5 g6 43. Bh4 Rf8 44. Re6 Kg7 45. R1e5 Bc4 46. Kg1 Bd3 47. Re7+ Rf7 48. Rxf7+ Kxf7 49. Kf2 Bf5 50. h3 Be6 51. g4 hxg4 52. hxg4 d4 53. cxd4 Rxd4 54. Bg5 1/2-1/2

[Event "Wch U16 Girls"]
[Site "Kemer"]
[Date "2007.11.19"]
[Round "2"]
[White "Repina, Varvara"]
[Black "Braggaar, Leonore"]
[Result "1-0"]
[WhiteElo "2154"]
[BlackElo "1992"]
[PlyCount "71"]
[EventDate "2007.11.18"]
[EventType "swiss"]
[EventRounds "11"]
[EventCountry "TUR"]
[SourceTitle "CBM 121 Extra"]
[Source "ChessBase"]
[SourceDate "2008.01.10"]
[SourceVersion "1"]
[SourceVersionDate "2008.01.10"]
[SourceQuality "1"]

1. d4 Nf6 2. c4 c5 3. d5 b5 4. Nd2 bxc4 5. e4 d6 6. Bxc4 g6 7. b3 Bg7 8. Bb2 Nbd7 9. Ngf3 Bb7 10. 0-0 0-0 11. Qc2 Qc7 12. Rfe1 Rfe8 13. Rad1 a5 14. a4 Nb8 15. Bb5 Rd8 16. Nc4 Na6 17. Bc3 Nb4 18. Qb2 Nh5 19. Bxg7 Nxg7 20. Re3 Ba6 21. Bxa6 Rxa6 22. Nfd2 Qd7 23. Nb1 Nh5 24. Nc3 Nf6 25. h3 Qb7 26. f4 Raa8 27. Nb5 Nd7 28. Rg3 Nf8 29. h4 Ra6 30. h5 Qd7 31. f5 Rb8 32. fxg6 hxg6 33. Rf1 Raa8 34. Qf2 f6 35. hxg6 Kg7 36. Ne3 1-0

[Event "NED-ch U17 Girls"]
[Site "Venlo"]
[Date "2007.05.02"]
[Round "4"]
[White "Braggaar, Leonore"]
[Black "Hortensius, Lisa"]
[Result "1/2-1/2"]
[WhiteElo "1837"]
[BlackElo "1860"]
[PlyCount "75"]
[EventDate "2007.04.30"]
[EventType "swiss"]
[EventRounds "9"]
[EventCountry "NED"]
[SourceTitle "EXT 2009"]
[Source "ChessBase"]
[SourceDate "2008.11.26"]
[SourceVersion "1"]
[SourceVersionDate "2008.11.26"]
[SourceQuality "1"]

1. e4 c5 2. Nf3 Nc6 3. d4 cxd4 4. Nxd4 Nf6 5. Nc3 g6 6. Be3 Bg7 7. Bc4 0-0 8. Bb3 d6 9. f3 Bd7 10. Qd2 a5 11. a4 Rc8 12. 0-0 Nxd4 13. Bxd4 Bc6 14. Kh1 b6 15. Ne2 e5 16. Bf2 d5 17. exd5 Bxd5 18. Bxd5 Qxd5 19. Qxd5 Nxd5 20. c3 Rb8 21. Rfd1 Nf6 22. Rd6 b5 23. Rb6 bxa4 24. Rxa4 Rxb6 25. Bxb6 Rb8 26. Bxa5 Rxb2 27. Ng1 h5 28. h4 Nd5 29. c4 Ne3 30. c5 Rc2 31. Bb4 Nd5 32. Ba3 Bf8 33. Ra8 Kg7 34. Rc8 Ne7 35. Rc7 Nd5 36. Rc8 Ne7 37. Rc7 Nd5 38. Rc8 1/2-1/2

[Event "NED-ch U17 Girls"]
[Site "Venlo"]
[Date "2007.05.01"]
[Round "3"]
[White "Ferrier, Yvonne"]
[Black "Braggaar, Leonore"]
[Result "0-1"]
[WhiteElo "1671"]
[BlackElo "1837"]
[PlyCount "76"]
[EventDate "2007.04.30"]
[EventType "swiss"]
[EventRounds "9"]
[EventCountry "NED"]
[SourceTitle "EXT 2009"]
[Source "ChessBase"]
[SourceDate "2008.11.26"]
[SourceVersion "1"]
[SourceVersionDate "2008.11.26"]
[SourceQuality "1"]

1. e4 e5 2. Nf3 Nc6 3. Bb5 a6 4. Ba4 Nf6 5. 0-0 b5 6. Bb3 Be7 7. Re1 0-0 8. c3 d6 9. h3 Na5 10. Bc2 c5 11. d4 cxd4 12. cxd4 Nc6 13. Nc3 Bb7 14. b3 Rc8 15. Bb2 Re8 16. Rc1 Nd7 17. Bb1 Bf6 18. Ne2 Nf8 19. dxe5 Nxe5 20. Nfd4 Rxc1 21. Qxc1 Nfg6 22. Nf5 Ne7 23. Qd2 Nxf5 24. exf5 Qa8 25. f4 Nd7 26. Bxf6 Nxf6 27. Nd4 Rxe1+ 28. Qxe1 Bxg2 29. Qf2 Be4 30. Bxe4 Qxe4 31. Nc2 Qxf5 32. Qg2 h6 33. Nd4 Qxf4 34. Nc6 Qc1+ 35. Kh2 Qf4+ 36. Kg1 Qe3+ 37. Kh2 d5 38. Nb8 d4 0-1

[Event "Hengelo U14 op"]
[Site "Hengelo"]
[Date "2005.08.11"]
[Round "6"]
[White "Van Cappellen, Jonas"]
[Black "Braggaar, Leonore"]
[Result "0-1"]
[WhiteElo "1567"]
[BlackElo "1838"]
[PlyCount "72"]
[EventDate "2005.08.??"]
[EventType "swiss"]
[EventRounds "9"]
[EventCountry "NED"]
[SourceTitle "CBM 107 Extra"]
[Source "ChessBase"]
[SourceDate "2005.09.01"]
[SourceVersion "1"]
[SourceVersionDate "2005.09.01"]
[SourceQuality "1"]

1. Nc3 d5 2. e4 dxe4 3. Nxe4 e6 4. d4 Bd7 5. c3 Bc6 6. Bd3 Nf6 7. Bg5 Be7 8. Bxf6 Bxf6 9. Nf3 Nd7 10. c4 0-0 11. Bc2 b6 12. 0-0 Bb7 13. Qd3 g6 14. Rad1 Bg7 15. b3 Rc8 16. Qe3 Qe7 17. Rfe1 Rfd8 18. Rd2 Nf6 19. Red1 Ng4 20. Qe2 Bh6 21. Rd3 Nf6 22. Nxf6+ Qxf6 23. Ne5 Bf4 24. Re1 Qg5 25. g3 Bxe5 26. Qxe5 Qxe5 27. Rxe5 Rd7 28. Re1 Rcd8 29. d5 exd5 30. cxd5 Rxd5 31. Rde3 Rd2 32. Bb1 Rd1 33. Kf1 R1d2 34. Re8+ Rxe8 35. Rxe8+ Kg7 36. Re3 Rd1+ 0-1

[Event "Hengelo U14 op"]
[Site "Hengelo"]
[Date "2005.08.10"]
[Round "5"]
[White "De Vries, Jaap"]
[Black "Braggaar, Leonore"]
[Result "1-0"]
[WhiteElo "1533"]
[BlackElo "1838"]
[PlyCount "93"]
[EventDate "2005.08.??"]
[EventType "swiss"]
[EventRounds "9"]
[EventCountry "NED"]
[SourceTitle "CBM 107 Extra"]
[Source "ChessBase"]
[SourceDate "2005.09.01"]
[SourceVersion "1"]
[SourceVersionDate "2005.09.01"]
[SourceQuality "1"]

1. e4 e5 2. Nf3 Nc6 3. Bc4 Nf6 4. d3 Bc5 5. c3 d6 6. 0-0 0-0 7. b4 Bb6 8. a4 a5 9. b5 Ne7 10. Be3 Ba7 11. Na3 Ng6 12. Bxa7 Rxa7 13. Nc2 Bg4 14. Ne3 Bh5 15. h3 Nf4 16. Nf5 Qd7 17. Ng3 Bg6 18. Ne2 Ne6 19. Nh4 Kh8 20. Nxg6+ fxg6 21. f4 exf4 22. Bxe6 Qxe6 23. Nxf4 Qd7 24. Ra2 Raa8 25. Raf2 c6 26. g4 Qe7 27. Qb3 Rfe8 28. c4 Qc7 29. Qb2 Rab8 30. g5 Nd7 31. Ng2 Rf8 32. Rf7 Rxf7 33. Rxf7 Rg8 34. Nf4 Qb6+ 35. d4 Ne5 36. c5 Nf3+ 37. Kf2 dxc5 38. Kxf3 cxd4 39. Ne6 c5 40. Nf4 Re8 41. Qb3 Qd6 42. Qd5 Qxd5 43. Nxd5 Rc8 44. Rxb7 c4 45. Rc7 Rf8+ 46. Ke2 d3+ 47. Ke3 1-0